Statistics for Future European Union Members

Click here to take the quiz!

General Stats

  • This quiz has been taken 439 times
  • The average score is 5 of 6

Answer Stats

YearCountry% Correct
2009Serbia
94%
1987Turkey
94%
2008Montenegro
89%
2009Albania
85%
2004Macedonia
82%
2009Iceland
62%

Score Distribution

Percentile by Number Answered

Percent of People with Each Score

Your Score History

You have not taken this quiz